Poesies / Joan Maragall
Descripción Física:
2 v. ; 20 cm
Otros Autores:
Ruyra, Joaquim, pr
Materias:
Maragall, Joan -- Reculls d'escrits
MARC
| LEADER | 00000nam a2200000Ia 4500 | ||
|---|---|---|---|
| 001 | 16123, 16124 | ||
| 008 | 160829s1912 - 1913 xx 000 0 cat d | ||
| 080 | |a L-2-42, L-2-43 | ||
| 100 | |a Maragall, Joan, |d 1860-1911 |9 25778 | ||
| 245 | |a Poesies / Joan Maragall | ||
| 260 | |a Barcelona : |b Gustau Gili, |c 1912 - 1913 | ||
| 300 | |a 2 v. ; |c 20 cm | ||
| 490 | |a Obres completes d'en Joan Maragall. Sèrie catalana | ||
| 590 | |a Conté: I: Poesies. Visions i cants. El comte Arnau. Haidé disperses. Enllà. Seqüencies. | ||
| 590 | |a Proleg de Joaquim Ruyra. II: Nausica. Cants homérics. Olímpica I de Píndar. Ton i guida. Fragments de l'"Enric d'Ofterdigen". Fragments de "Així parlà Zarathustra". Altres traduccions. Poesies originals disperses i inédites. Fragments autógrafs | ||
| 650 | |a Maragall, Joan |x Reculls d'escrits |9 37250 | ||
| 700 | |a Ruyra, Joaquim, pr. |9 37417 | ||
| 901 | |a Arxiu | ||
| 942 | |n 1 | ||
| 952 | |0 0 |1 0 |4 0 |6 L242_L243 |7 1 |9 47856 |a Arxiu |b Arxiu |d 2016-12-01 |l 0 |o L-2-42, L-2-43 |p 16123, 16124 |r 2016-12-01 00:00:00 |w 2016-12-01 |y ARXIU | ||
| 999 | |c 51656 |d 51656 | ||